000 00436nam a2200133Ia 4500
008 170221s9999 xx 000 0 und d
100 _aShaista Wasiuzzaman
245 _aDeterminants of Working Capital Investment: A Study of Malaysian PublicListed Firms
245 _cShaista Wasiuzzaman and Veeri Chettiar Arumugam
260 _c2012
300 _a32 : 14
650 _xBusiness
856 _uhttp://ro.uow.edu.au/aabfj/vol7/iss2/5/
999 _c311341
_d311341